Bandiere dal Dettaglio - Statistics

Statistiche generali
  • Questo quiz è stato fatto 73 volte
  • Il punteggio medio è 18 su 24
Statistiche sulle risposte
con Immagini Risposta % Corretto
Slovenia
100%
Spagna
99%
Croazia
97%
Bosnia ed Erzegovina
96%
Portogallo
96%
Angola
90%
Paraguay
90%
Montenegro
88%
Zambia
87%
Kazakistan
85%
Repubblica Dominicana
84%
Turkmenistan
84%
Figi
82%
Belize
78%
Comore
76%
Ecuador
75%
Dominica
72%
San Marino
70%
Eritrea
66%
Grenada
63%
Guatemala
60%
Sudan del Sud
48%
Uzbekistan
43%
Mongolia
25%
Nessun quiz corrispondente trovato
Distribuzione punteggi
Percentuale di utenti per punteggio
Percentile per numero di risposta
I tuoi punteggi nel tempo
Non hai fatto questo quiz